000
00324nam a2200133Ia 4500
008
240624s9999 xx 000 0 und d
041
_a
eng
082
_a
891.43 REN
100
_a
RENU FANISHWAR NATH
245
_a
PARATI PARIKATHA
260
_c
2012
_a
Delhi
_b
Sahitya Academy
300
_a
378 : p. : cm. ; 22
365
_c
RS
999
_c
20927
_d
20927